Odvody v roku 2020

Platiteľmi poistného sú zamestnanec, zamestnávateľ, povinne poistená SZČO, dobrovoľne poistená osoba, štát a Sociálna poisťovňa. V januári sa menili odvody do Sociálnej poisťovne. Aké teda platia odvody zamestnanec, zamestnávateľ a SZČO a čo im hrozí za nezaplatenie poistného. Sadzby poistného.

Salvato in:
Dettagli Bibliografici
Autore principale: Slaninková, Katarína
Natura: Capitolo di libro
Lingua:slovacco
Soggetti:
Tags: Aggiungi Tag
Nessun Tag, puoi essere il primo ad aggiungerne!!

MARC

LEADER 00000naa a2200000 4500
001 0263865
005 20200605103522.9
041 0 |a slo 
044 |a SK 
245 1 0 |a Odvody v roku 2020  |c Katarína Slaninková 
520 |a Platiteľmi poistného sú zamestnanec, zamestnávateľ, povinne poistená SZČO, dobrovoľne poistená osoba, štát a Sociálna poisťovňa. V januári sa menili odvody do Sociálnej poisťovne. Aké teda platia odvody zamestnanec, zamestnávateľ a SZČO a čo im hrozí za nezaplatenie poistného. Sadzby poistného. 
610 2 0 |a odvody 
610 2 0 |a poistné 
610 2 0 |a osoby samostatne zárobkovo činné 
610 2 0 |a zamestnanci 
610 2 0 |a zamestnávatelia 
610 2 0 |a poistenci 
610 2 0 |a poistenie sociálne 
610 2 0 |a poistenie zdravotné 
610 2 0 |a poisťovne sociálne 
610 2 0 |a základ vymeriavací 
610 2 0 |a sankcie 
100 1 |a Slaninková, Katarína